000 00715nam a2200253Ia 4500
003 OSt
005 20241108120648.0
008 210329s9999||||xx |||||||||||||| ||und||
020 _a81-7119-253-X
040 _cSTCPL
041 _aHIN
041 _hHND
082 _aH4
_bNIR-I
245 0 _aItihas aur alochana ke vastuwadi sarokar /
_cEdited by Nirmala Jain and Nityanand Tiwari
_hइतिहास और अलोचना के वसतुवादी सरोकर
260 _aDelhi :
_bRatha Krishna ,
_c1996 .
300 _a200 p.
_bHB
650 _aHindi
650 _aLiterature
650 _aEssay
650 _aGeneral
700 _aJain, Nirmala (ed.)
942 _cBK
942 _2ddc
999 _c43450
_d43450